La fortuna gira - Hazbin Hotel - Statistics

Statistiche generali
  • Questo quiz è stato fatto 10 volte
  • Il punteggio medio è 86 su 117
Statistiche sulle risposte
Risposta % Corretto
a
100%
avere
100%
che
100%
chi
100%
Dai
100%
di
100%
È
100%
E
100%
e
100%
fortuna
100%
gira
100%
il
100%
la
100%
La
100%
le
100%
lei
100%
lo
100%
Ma
100%
no
100%
No
100%
non
100%
per
100%
Per
100%
puoi
100%
Sa
100%
sa
100%
te
100%
Tu
100%
tu
100%
un
100%
una
100%
vai
100%
voi
100%
vuoi
100%
all-in
50%
Aspetti
50%
asso
50%
avermi
50%
bacio
50%
bendata
50%
bevi
50%
bis
50%
bocca
50%
cambi
50%
cedere
50%
Cenere
50%
ci
50%
conta
50%
Darai
50%
dea
50%
fato
50%
Fiches
50%
forse
50%
fortunata
50%
gin
50%
girerà
50%
Magari
50%
o
50%
Oh
50%
Oramai
50%
perdere
50%
più
50%
poi
50%
ragazzi
50%
resisti
50%
riesci
50%
Sarà
50%
scelga
50%
scotch
50%
serata
50%
solo
50%
Speri
50%
suo
50%
tanto
50%
Tanto
50%
tempo
50%
tocca
50%
tocchi
50%
Tornerà
50%
tua
50%
tue
50%
tuo
50%
Uh
50%
via
50%
vincere
50%
Perchè
0%
Nessun quiz corrispondente trovato
Distribuzione punteggi
Percentuale di utenti per punteggio
Percentile per numero di risposta
I tuoi punteggi nel tempo
Non hai fatto questo quiz